Statistics for Највеће државе света које немају копнене границе

Click here to take the quiz!

General Stats

  • This quiz has been taken 921 times
  • The average score is 7 of 10

Answer Stats

км2Држава% Correct
7,692,024Аустралија
95%
587,041Мадагаскар
85%
377,930Јапан
81%
270,467Нови Зеланд
78%
103,000Исланд
77%
109,884Куба
66%
65,610Шри Ланка
59%
300,000Филипини
58%
36,193Тајван
38%
28,896Соломонова острва
12%

Score Distribution

Percentile by Number Answered

Percent of People with Each Score

Your Score History

You have not taken this quiz